Poemas elegidos : (Record no. 14438)

MARC details
000 -LEADER
campo de control de longitud fija 00807nam a2200241 i 4500
001 - NÚMERO DE CONTROL
campo de control 14438
003 - IDENTIFICADOR DE NÚMERO DE CONTROL
campo de control ES-MaACL
005 - FECHA Y HORA DE LA ÚLTIMA TRANSACCIÓN
campo de control 20250315062544.0
007 - CAMPO FIJO DE DESCRIPCIÓN FÍSICA--INFORMACIÓN GENERAL
campo de control de longitud fija t|
008 - DATOS DE LONGITUD FIJA--INFORMACIÓN GENERAL
campo de control de longitud fija 990309s1998 sp ||||1| spa d
020 ## - NÚMERO INTERNACIONAL ESTÁNDAR DEL LIBRO
Número Internacional Estándar del Libro 84-321-3223-3
080 ## - NÚMERO DE LA CLASIFICACIÓN DECIMAL UNIVERSAL
Número de la Clasificación Decimal Universal 821.131.1-14"18"
100 1# - ENTRADA PRINCIPAL--NOMBRE DE PERSONA
Nombre de persona Leopardi, Giacomo,
Fechas asociadas al nombre 1798-1837
9 (RLIN) 71704
245 10 - MENCIÓN DEL TÍTULO
Título Poemas elegidos :
Resto del título edición bilingüe /
Mención de responsabilidad, etc. Giacomo Leopardi ; selección y estudio preliminar de Milagros Arizmendi.
260 ## - PUBLICACIÓN, DISTRIBUCIÓN, ETC.
Lugar de publicación, distribución, etc. Madrid :
Nombre del editor, distribuidor, etc. Rialp,
Fecha de publicación, distribución, etc. [1998]
300 ## - DESCRIPCIÓN FÍSICA
Extensión 117 p. ;
Dimensiones 18 cm.
490 1# - MENCIÓN DE SERIE
Mención de serie Adonáis ;
Designación de volumen o secuencia 539-540
546 ## - NOTA DE IDIOMA
Nota de lengua/lenguaje Introducción en español; texto original y traducción al español.
700 1# - ENTRADA AGREGADA--NOMBRE PERSONAL
Nombre de persona Arizmendi, Milagros.
9 (RLIN) 22881
830 10 - PUNTO DE ACCESO ADICIONAL DE SERIE-TÍTULO UNIFORME
Título uniforme Adonáis
Designación de volumen o secuencia 539-540
9 (RLIN) 173743
852 4# - LOCALIZACIÓN
Ubicación ES-MaACL
Número de control de estantería J-23-539-540
Holdings
Estatus retirado Estado de pérdida Estado de daño No para préstamo Biblioteca de origen Biblioteca actual Ubicación en estantería Fecha de adquisición Fuente de adquisición Total de préstamos Signatura topográfica completa Código de barras Visto por última vez Precio de reemplazo Tipo de ítem Koha
        Biblioteca del Ateneo de Madrid Biblioteca del Ateneo de Madrid Depósito 2 17/01/2008     J-23-539-540 1014685 23/02/2023 23/02/2023 Libro impreso